000 00699nam a2200205Ia 4500
003 GCL
008 140319s9999 xx 000 0 ara d
040 _aGCL /
_cGCL
082 0 4 _a953.04
_bم ت
100 1 _aمحمد امين غالب الطويل
245 1 0 _aتاريخ العلويين /
_cمحمد امين غالب الطويل
260 _aبيروت :
_bدار الاندلس للطباعة والنشر ،
_c2000
300 _a543 ص ؛
_c20 سم
650 0 4 _aالفرق الاسلامية
650 0 4 _aالاسماعيلية
650 0 4 _aالعلويون والامويون
650 0 4 _aالعلويون
650 0 4 _aالعلويون والعباسيون
942 _2ddc
_cBK
999 _c6453
_d6453